Memorias de papeles amarillos / (Record no. 108257)

MARC details
000 -LEADER
campo de control de longitud fija 00492nam a2200181 4500
001 - NÚMERO DE CONTROL
campo de control 108257
003 - IDENTIFICADOR DE NÚMERO DE CONTROL
campo de control ES-MaACL
007 - CAMPO FIJO DE DESCRIPCIÓN FÍSICA--INFORMACIÓN GENERAL
campo de control de longitud fija t|
008 - DATOS DE LONGITUD FIJA--INFORMACIÓN GENERAL
campo de control de longitud fija 061121s1982 sp r ||||1| spa d
100 1# - ENTRADA PRINCIPAL--NOMBRE DE PERSONA
Nombre de persona Mollá, Juan.
9 (RLIN) 82043
245 10 - MENCIÓN DEL TÍTULO
Título Memorias de papeles amarillos /
Mención de responsabilidad, etc. Juan Mollá.
260 ## - PUBLICACIÓN, DISTRIBUCIÓN, ETC.
Lugar de publicación, distribución, etc. Salamanca :
Nombre del editor, distribuidor, etc. Calatrava,
Fecha de publicación, distribución, etc. 1982.
300 ## - DESCRIPCIÓN FÍSICA
Extensión 90 p. ;
Dimensiones 22 cm.
490 1# - MENCIÓN DE SERIE
Mención de serie Arbolé ;
Designación de volumen o secuencia 45
830 0# - PUNTO DE ACCESO ADICIONAL DE SERIE-TÍTULO UNIFORME
Título uniforme Arbolé ;
Designación de volumen o secuencia 45
9 (RLIN) 181033
852 ## - LOCALIZACIÓN
Ubicación ES-MaACL
Número de control de estantería L-3407
Sublocalización o colección R.104261
Holdings
Estatus retirado Estado de pérdida Estado de daño No para préstamo Biblioteca de origen Biblioteca actual Ubicación en estantería Fecha de adquisición Fuente de adquisición Total de préstamos Signatura topográfica completa Código de barras Visto por última vez Precio de reemplazo Tipo de ítem Koha
        Biblioteca del Ateneo de Madrid Biblioteca del Ateneo de Madrid Depósito 2 17/01/2008     L-3407 1112963 23/02/2023 23/02/2023 Libro impreso